000 00699nam a22002177a 4500
999 _c16144
_d16144
003 AR-CdUCM
008 190502b ||||| |||| 00| 0 spa d
040 _aMUNICIPALIDAD PROVINCIAL DEL CUSCO
_cBIBLIOTECA MUNICIPAL DEL CUSCO
082 _a985 /
_bB96
100 _aBusto Duthurburu, Jose Antonio del
_9272
245 _aLa conquista del PerĂº /
260 _aLima :
_bLibreria studium,
_c1988.
300 _a335 paginas ;
_bIlustraciones, graficos, dibujos,
_c21 cm.
500 _aHistoria y literatura
650 _aHistoria
_9136
650 _aLiteratura
_983
700 _aRomero, Grimaldo
_935433
700 _aGuillem, Abraham
_935434
942 _2ddc
_cLIBROS
945 _apjha
_d2019-05-02